| 000 | 00683nam a22002057a 4500 | ||
|---|---|---|---|
| 999 |
_c19210 _d19210 |
||
| 003 | AR-CdUCM | ||
| 008 | 190516b ||||| |||| 00| 0 spa d | ||
| 040 |
_aMUNICIPALIDAD PROVINCIAL DEL CUSCO _cBIBLIOTECA MUNICIPAL DEL CUSCO |
||
| 082 |
_a869.56 / _bG98 |
||
| 100 |
_aGuzman Calderon, Leonel _92855 |
||
| 245 | _aCuentoseis / | ||
| 260 |
_aCusco : _bAndina, |
||
| 300 |
_a76 paginas ; _c21 cm. |
||
| 505 | _aContenido : El susto -- Reencuentro del lunes -- La sospecha muerta -- En un día de abril -- El vuelo cortado... | ||
| 650 |
_aNarraciones _9930 |
||
| 650 |
_aCunetos _940417 |
||
| 650 |
_aLiteratura peruana _9169 |
||
| 942 |
_2ddc _cLIBROS |
||
| 945 |
_awnts _d2019-05-16 |
||